Painkiller (Judas Priest) lyrics - Statistics

General Stats
  • This quiz has been taken 6 times
  • The average score is 127 of 174
Answer Stats
Answer % Correct
a
100%
A
100%
He
100%
is
100%
its
100%
Killer
100%
on
100%
Pain
100%
Painkiller
100%
the
100%
and
80%
bullet
80%
deadly
80%
Deadly
80%
Faster
80%
fire
80%
half
80%
knees
80%
machine
80%
man
80%
Mankind
80%
mankind
80%
Metal
80%
metal
80%
Monster
80%
of
80%
than
80%
to
80%
wheels
80%
Armageddon
60%
Blasting
60%
boiling
60%
bomb
60%
Brighter
60%
Can't
60%
Forever
60%
from
60%
full
60%
going
60%
high
60%
laser
60%
Louder
60%
out
60%
plated
60%
resurrected
60%
Returns
60%
scream
60%
skies
60%
soaring
60%
steel
60%
stop
60%
suns
60%
survive
60%
their
60%
This
60%
thousand
60%
thunder
60%
under
60%
Wings
60%
with
60%
With
60%
anger
40%
answer
40%
atom
40%
back
40%
bolts
40%
brave
40%
Breathing
40%
brought
40%
clouds
40%
comes
40%
devastated
40%
Enraged
40%
Evils
40%
Flying
40%
free
40%
grave
40%
in
40%
In
40%
Planets
40%
pleas
40%
rapture
40%
Rides
40%
saviour
40%
smoke
40%
Stronger
40%
Terrifying
40%
Through
40%
been
20%
Closing
20%
have
20%
Nevermore
20%
They
20%
Chronium
0%
encaptured
0%
vengance
0%
No matching quizzes found
Score Distribution
Percent of People with Each Score
Percentile by Number Answered
Your Score History
You have not taken this quiz